| 000 | 01274cam a2200217 4500 | ||
|---|---|---|---|
| 001 | ABS68091 | ||
| 008 | 040831n2004 000 0 eng u | ||
| 035 | _a(Sirsi) u127208 | ||
| 100 | _aMorris, H. | ||
| 245 | _aDesign seen as key to better hospitals | ||
| 260 | _c2004 | ||
| 490 |
_aPlanning (for the Natural and Built Environment) _v(1583) 20 August 2004, 16-17(2) |
||
| 520 | _aAs part of its Healthy Hospital campaign the Commission for Architecture and the Built Environment commissioned consultancy PricewaterhouseCoopers to seek nurses' views on the design and layout of hospitals. Results show that 86% of directors of nursing believe that good design and layout are important for recruiting well qualified nursing staff. Welldesigned public spaces, landscaped outdoor areas, attention to fixture and fittings aimed at reducing risk of spread of infection are important design features. Lists new hospital developments planned under the government's £4bn health care investment programme. Refers to the controversial Royal London hospital development programme. | ||
| 590 | _aABS | ||
| 590 | _aABS | ||
| 650 | _aHOSPITALS | ||
| 650 | _aOPEN SPACES | ||
| 650 | _aLANDSCAPING | ||
| 690 | _aBUILDING AND CONSTRUCTION-DESIGN AND STRUCTURES | ||
| 942 | _n0 | ||
| 999 |
_c117917 _d117917 |
||